000 00720cab a22001935a 4500
001 L158912
008 150924e20150829xxk 000 0 eng d
035 _a(Sirsi) u158912
041 0 _aeng
100 1 _aGrekos, Martha
245 0 0 _aAll aboard?
260 _c2015
490 _aEstates Gazette
_v(1534) 29 August 2015, 56-57(2)
520 _aExamines the challenges and opportunities faced by those developing around London?s public transport hubs. Discusses challenges and opportunity areas for funding, compulsory purchase and brownfield development. Gives further examples of transport-orientated development in London.
590 _aKA
651 4 _aLondon
690 _aInfrastructure
_96246
942 _n0
999 _c84730
_d84730